Point culminant par chaine de montagnes - clic quiz - Statistiques

Statistiques générales
  • Ce quiz a été pris 187 fois
  • Le résultat moyen est 8 sur 15
Statistiques - réponses
Hint Réponse % Correct
Everest Himalaya
92%
Mont Blanc Alpes
90%
Aconcagua Andes
72%
Puy de Sancy Massif Central
68%
Grand Ballon Vosges
68%
pic d'Aneto Pyrénées
63%
K2 Karakoram
59%
Djebel Toubkal Atlas
54%
Denali Chaine d'Alaska
52%
Crêt de la Neige Jura
49%
Elbrouz Caucase
46%
Mont Kosciuszko Cordillère australienne
38%
Mont Rainier Chaines des Cascades
35%
Pic Gerlach Carpates
30%
Mont Damavand Elbourz
27%
Aucun quiz correspondant
Distribution des résultats
% des personnes avec chaque résultat
Percentile par nombre de réponses
Votre historique - résultats
Vous n’avez pas pris ce quiz